|
|
|
|
| LEADER |
00000nla2a2200000 4500 |
| 001 |
231100 |
| 005 |
20231031202650.0 |
| 035 |
|
|
|a (RuTPU)RU\TPU\book\252116
|
| 035 |
|
|
|a RU\TPU\book\252113
|
| 090 |
|
|
|a 231100
|
| 100 |
|
|
|a 20130129d2012 k y0rusy50 ca
|
| 101 |
0 |
|
|a rus
|
| 102 |
|
|
|a RU
|
| 105 |
|
|
|a y z 101zy
|
| 181 |
|
0 |
|a i
|
| 182 |
|
0 |
|a b
|
| 200 |
1 |
|
|a Развитие методической компетенции преподавателя высшей школы
|b Электронный ресурс
|f Е. Ю. Азбукина, Л. А. Сивицкая
|
| 203 |
|
|
|a Текст
|c электронный
|
| 225 |
1 |
|
|a Образовательные технологии и методы реализации интегративного подхода. Компетентность преподавателя
|
| 230 |
|
|
|a 1 компьютерный файл (pdf; 495 Кб)
|
| 300 |
|
|
|a Заглавие с экрана
|
| 320 |
|
|
|a [Библиогр.: с. 214 (1 назв.)]
|
| 330 |
|
|
|a В статье рассматриваются возможности курса повышения квалификации "Создание портфолио преподавателя технического вуза" для развития методической компетенции преподавателей высшей школы
|
| 337 |
|
|
|a Adobe Reader
|
| 463 |
|
1 |
|0 (RuTPU)RU\TPU\book\240708
|t Уровневая подготовка специалистов: государственные и международные стандарты инженерного образования
|o сборник трудов научно-методической конференции, 3-6 апреля 2012 г.
|f Национальный исследовательский Томский политехнический университет (ТПУ)
|v [С. 212-214]
|d 2012
|
| 610 |
1 |
|
|a труды учёных ТПУ
|
| 610 |
1 |
|
|a электронный ресурс
|
| 610 |
1 |
|
|a развитие
|
| 610 |
1 |
|
|a компетенция
|
| 610 |
1 |
|
|a преподаватели
|
| 610 |
1 |
|
|a высшая школа
|
| 700 |
|
1 |
|a Азбукина
|b Е. Ю.
|c лингвист
|c доцент Томского политехнического университета, кандидат педагогических наук
|g Елена Юрьевна
|2 stltpush
|3 (RuTPU)RU\TPU\pers\26985
|
| 701 |
|
1 |
|a Сивицкая
|b Л. А.
|c лингвист, специалист в области методики преподавания иностранных языков
|c доцент Томского политехнического университета
|g Людмила Анатольевна
|2 stltpush
|3 (RuTPU)RU\TPU\pers\24744
|
| 801 |
|
2 |
|a RU
|b 63413507
|c 20130201
|g RCR
|
| 856 |
4 |
|
|u http://www.lib.tpu.ru/fulltext/c/2012/C09/094.pdf
|
| 942 |
|
|
|c CF
|